Дело о службе музыканта-кларнетиста Франца Фишера

Доступно только в Электронных читальных залах Найти на картеНа карте
RUSMARC
00006099nmc2a22000003x 450
001038f1001-3366-46f9-b4e9-91d676e92c2a
00520190722125255.0
100##$a20161209l18091849k l0rusy0189 ca
1010#$arus
102##$aRU
2001#$aДело о службе музыканта-кларнетиста Франца Фишера
$j1 сентября 1809 г. - 31 октября 1849 г.
251##$cДело
300##$aДело
300##$aОриг. заголовок дела: Дело об исключении из списков умершего музыканта кларнетиста Франца Фишера, состоявшего в службе Дирекции. 1 сентября 1809 г. - 31 октября 1849 г
801#0$aRU
$bРГИА
$c20161209
$gRCR
801#1$aRU
$bГлавНИВЦ
$c20161209
$2rusmarc
801#2$aRU
$bПБ им. Б.Н. Ельцина
$c20180928
$gRCR
$2rusmarc
850##$aРГИА
852##$aРГИА
$eФедеральное казенное учреждение "Российский государственный исторический архив" (РГИА)
$j158
937##$hРГИА
$d12233977
$aASBIBLIO_SCAN
462#0$1001dd3991dc-24e1-42ec-8838-ca4255420416
$12001
$a1746-1850 гг.
$1251
$cОпись
$1852
$j1
461#0$10019264ebf8-de62-4f1a-9eb4-9f22098dbbd5
$12001
$aДирекция императорских театров МИДв
$1251
$cФонд
$1852
$j497
215##$a23 л.
$d36,5х26 см
371##$aДокумент не является опубликованным и широко распространяемым
5171#$aДело об исключении из списков умершего музыканта кларнетиста Франца Фишера, состоявшего в службе Дирекции. 1 сентября 1809 г. - 31 октября 1849 г
105##$ay###
1222#$ad
035##$a038f1001-3366-46f9-b4e9-91d676e92c2a
856##$uhttp://readingroom.main.prlib.ru/item.aspx?id_node=n118722283&mode=full
600#1$2prlib_sh
$3LIBNET\UAF\0000080146
$aТюфякин
$bП. И.
$gПетр Иванович
$f1769-1845
$jДокументы и материалы
60101$2prlib_sh
$3LIBNET\UAF\0000080151
$aРоссия
$bДирекция императорских театров
$xДеятельность
$jДокументы и материалы
6061#$2prlib_sh
$3LIBNET\UAF\0000083534
$aМузыканты
$xИстория
$yРоссия
$jДокументы и материалы
6061#$aТеатральные работники
$xОплата труда
$jДокументы и материалы
$2nlr_sh1
$3RU\NLR\AUTH\661073460
605##$2acquisition_Prlib
$3LIBNET\UAF\0000080478
$aГод театра в России
$lколлекция
605##$2acquisition_Prlib
$3DITM\AF\0000004166
$aРоссия в лицах
$lколлекция
686##$2rubbk
$a85.31
$vLBC/M
686##$a63.3(2)521-7
$vLBC/M
$2rubbk
Формат отображения